000 00692nam a22002177a 4500
999 _c20550
_d20550
003 AR-CdUCM
008 190531b ||||| |||| 00| 0 spa d
040 _aMUNICIPALIDAD PROVINCIAL DEL CUSCO
_cBIBLIOTECA MUNICIPAL DEL CUSCO
082 _a010.974 /
_bM790
100 _aMoore, Ernest
_942963
245 _aBibliográfica de novelistas de la revolución mexicana /
260 _aMéxico :
_c1941.
300 _a189 páginas ;
_c18 cm.
500 _a[libro reempastado]
505 _aContenido: Novelistas de la revolución mexicana.
650 _aLiteratura mexicana
_92532
650 _aMéxico
_918
650 _aRevolución mexicana
_912302
942 _2ddc
_cLIBROS
945 _aAndy